00799nam a2200181 a 450000100100000000500170001000800410002704000250006808200150009311000830010824000180019124501260020926000780033530000370041370000370045095201130048799900170060000004617320201002052703.0150701s2004 dr ac 000 0 spa d aDO-SdBNPbspacBNPHU axxxxbxxxx1 aRepública Dominicana.bSecretaría de Estado de Interior y Policía95454613a[Leyes, etc.]10aResolución, procedimientos y disposiciones relativas al porte y tenencia de armas de fuego /cFranklin Almeyda Rancier. aSanto Domingo :bSecretaría de Estado de Interior y Policía,c[s.f.]. a[12] p. :bil., retrs. ;c22 cm.12aAlmeyda Rancier, Franklin937117 0010718PDaPDbPDcCTd2015-07-01iLF1l0oxxxx xxxxp46173-10r2020-06-25w2020-06-25yLFPDZNo se presta c45662d45662